00000000nam 2200000zi 4500
0019.956423
003CaOODSP
00520251016162920
006m     o  d f      
007cr cn|||||||||
008251016e202509##oncbdo  ob   f000 0 iku d
040 |aCaOODSP|bfre|erda|cCaOODSP
043 |an-cn---
0861 |aFs70-6/2025-038Iku-PDF
24500|a[Évaluation du stock de béluga (Delphinapterus leucas) dans les Îles Belcher-Est de la baie d’Hudson et à la baie James en 2024].
250 |a[Édition inuktitut].
264 1|a[Ottawa] : |b[Secrétariat canadien de consultation scientifique], |cseptembre 2025.
264 4|c©2025
300 |a1 ressource en ligne (17 pages) : |bcartes, graphiques. photographies.
336 |atexte|btxt|2rdacontent/fre
337 |ainformatique|bc|2rdamedia/fre
338 |aressource en ligne|bcr|2rdacarrier/fre
4901 |a[Avis scientifique] , |x1919-5117 ; |v2025/038
500 |aTitre en français fourni par l'éditeur.
500 |aPublié aussi en français sous le titre : Évaluation du stock de béluga (Delphinapterus leucas) dans les Îles Belcher-Est de la baie d’Hudson et à la baie James en 2024.
504 |aComprend des références bibliographiques (page 16).
650 6|aBéluga|xChasse|zHudson, Baie d'.
650 6|aBéluga|xChasse|zJames, Baie.
7102 |aSecrétariat canadien de consultation scientifique, |eorganisme de publication.
7101 |aCanada. |bMinistère des pêches et des océans, |eorganisme de publication.
77508|tÉvaluation du stock de béluga (Delphinapterus leucas) dans les Îles Belcher-Est de la baie d’Hudson et à la baie James en 2024.|w(CaOODSP)9.954443
788 |t[Stock assessment of Belcher Islands-eastern Hudson Bay and James Bay beluga (Delphinapterus leucas) in 2024].|eeng|w(CaOODSP)9.954841
830#0|aAvis scientifique (Secrétariat canadien de consultation scientifique)|v2025/038.|w(CaOODSP)9.502624
85640|qPDF|s1.46 Mo|uhttps://publications.gc.ca/collections/collection_2025/mpo-dfo/fs70-6/Fs70-6-2025-038-iku.pdf